000 01085nam a2200253Ia 4500
999 _c43391
_d43391
001 10119
003 GE_BSU
005 20191004142930.0
008 181216s2014||||ge |||||||||||||| ||geo||
020 _a9789941065385
040 _cGE_BSU
041 _ageo
080 _a94(479.222.4)
100 _aვადაჭკორია,შოთა
_94513
245 _aკოდორის ხეობის დილემა და ქართული საზოგადოებრივ–პოლიტიკური აზრი (1993-2010)
245 4 _bThe dilemma of Kodori Gorge and Georgian Socio-Politikal Thought(1993-2010)
245 _cრედ.ავთანდილ სონღულაშვილი
260 _aთბილისი
260 _bგეორგიკა
260 _c2014
300 _a380გვ.20სმ.ილ.
653 _aკოდორის ხეობის დილემა და ქართული საზოგადოებრივ–პოლიტიკური აზრი
942 _cBK
_2udc